Online
Catalog

Periodismo y migración : (Record no. 49594)

MARC details
000 -CABECERA
campo de control de longitud fija 01076nam a22002417a 4500
003 - IDENTIFICADOR DEL NÚMERO DE CONTROL
campo de control DO-SdBNP
005 - FECHA Y HORA DE LA ÚLTIMA TRANSACCIÓN
campo de control 20250116120725.0
007 - CAMPO FIJO DE DESCRIPCIÓN FÍSICA--INFORMACIÓN GENERAL
campo de control de longitud fija ta
008 - DATOS DE LONGITUD FIJA--INFORMACIÓN GENERAL
campo de control de longitud fija 100322s2020 dr a 000 0 spa d
020 ## - NÚMERO INTERNACIONAL ESTÁNDAR DEL LIBRO
Número Internacional Estándar del Libro 9789945913378
040 ## - FUENTE DE LA CATALOGACIÓN
Centro catalogador/agencia de origen DO-SdBNP
Lengua de catalogación spa
Centro/agencia transcriptor BNPHU
082 #4 - NÚMERO DE LA CLASIFICACIÓN DECIMAL DEWEY
Número de clasificación 304.87293
Número de documento/Ítem P445m
Número de edición 22
110 1# - ENTRADA PRINCIPAL--NOMBRE DE ENTIDAD CORPORATIVA
Nombre de entidad corporativa o nombre de jurisdicción como elemento de entrada Instituto Nacional de Migración (República Dominicana)
9 (RLIN) 75397
245 00 - MENCIÓN DE TÍTULO
Título Periodismo y migración :
Resto del título manual de buenas prácticas /
260 ## - PUBLICACIÓN, DISTRIBUCIÓN, ETC.
Lugar de publicación, distribución, etc. Santo Domingo :
Nombre del editor, distribuidor, etc. INMRD,
-- Unión Europea,
Fecha de publicación, distribución, etc. 2020.
300 ## - DESCRIPCIÓN FÍSICA
Extensión 111 p. :
Otras características físicas il. ;
Dimensiones 27 cm.
505 0# - NOTA DE CONTENIDO CON FORMATO
Título Introducción --
-- Abreviaturas --
Información miscelánea Capítulo I
Título Migraciones y medios de comunicación --
Información miscelánea Capítulo II
Título Fuentes de información para el abordaje del tema migratoria --
Información miscelánea Capítulo III
Título Las migraciones en la República Dominicana --
-- Referencias bibliográficas --
-- Anexos .
590 ## - NOTA LOCAL (RLIN)
Nota local Inventariado, 2021/ YL
650 #4 - PUNTO DE ACCESO ADICIONAL DE MATERIA--TÉRMINO DE MATERIA
Término de materia o nombre geográfico como elemento de entrada Periodismo
Subdivisión general Servicios de información
9 (RLIN) 81246
651 #4 - PUNTO DE ACCESO ADICIONAL DE MATERIA--NOMBRE GEOGRÁFICO
Nombre geográfico República Dominicana
Subdivisión general Emigración e inmigración
9 (RLIN) 290
910 ## - DATOS DE OPCIÓN DEL USUARIO (OCLC)
Datos de opción del usuario YL //Validado. Control de calidad MFF
942 ## - ELEMENTOS DE PUNTO DE ACCESO ADICIONAL (KOHA)
Fuente del sistema de clasificación o colocación Dewey Decimal Classification
Tipo de ítem Koha Libro
Holdings
Estado de retiro Estado de pérdida Fuente del sistema de clasificación o colocación Restricciones de uso No para préstamo Código de colección Localización permanente Ubicación/localización actual Ubicación en estantería Fecha de adquisición Fuente de adquisición Total de préstamos Signatura topográfica completa Código de barras Fecha visto por última vez Precio válido a partir de Tipo de ítem Koha Número de copia
    Dewey Decimal Classification Préstamo restringido   Patrimonio Dominicano Biblioteca Nacional Pedro Henríquez Ureña Biblioteca Nacional Pedro Henríquez Ureña Depósito 06.07.2020 Depósito Legal   BNPHU PD 304.87293 P445m 2021-0923 17.03.2021 17.03.2021 Libro  
    Dewey Decimal Classification Préstamo restringido   Patrimonio Dominicano Biblioteca Nacional Pedro Henríquez Ureña Biblioteca Nacional Pedro Henríquez Ureña Depósito 06.07.2020 Depósito Legal   BNPHU PD 304.87293 P445m 2021-0924 17.03.2021 17.03.2021 Libro e.2
    Dewey Decimal Classification Préstamo en sala   Dominicana de Servicio Biblioteca Nacional Pedro Henríquez Ureña Biblioteca Nacional Pedro Henríquez Ureña Depósito 06.07.2020 Depósito Legal   BNPHU DS 304.87293 P445m 2021-0925 17.03.2021 17.03.2021 Libro e.3

Powered by Koha